Normal view
MARC view
- Koska, Bart
Entry Personal Name
001 - CONTROL NUMBER
- control field: 74584
003 - CONTROL NUMBER IDENTIFIER
- control field: NUST
005 - DATE AND TIME OF LATEST TRANSACTION
- control field: 20210628205241.0
008 - FIXED-LENGTH DATA ELEMENTS
- fixed length control field: 210628|| aca||aabn | a|a d
040 ## - CATALOGING SOURCE
- Original cataloging agency: NUST
- Transcribing agency: NUST
100 ## - HEADING--PERSONAL NAME
- Personal name: Koska, Bart
670 ## - SOURCE DATA FOUND
- Source citation: Work cat.: (NUST): Koska, Bart, Neural networks and fuzzy system a dynamical system approach to machine itelligence - with dislette, 1997
